Normal view MARC view
  • Harnadek, Anita

Entry Personal Name

Number of records used in: 1

001 - CONTROL NUMBER

  • control field: 107644

003 - CONTROL NUMBER IDENTIFIER

  • control field: NUST

005 - DATE AND TIME OF LATEST TRANSACTION

  • control field: 20230125132246.0

008 - FIXED-LENGTH DATA ELEMENTS

  • fixed length control field: 230125|| aca||aabn | a|a d

040 ## - CATALOGING SOURCE

  • Original cataloging agency: NUST
  • Transcribing agency: NUST

100 ## - HEADING--PERSONAL NAME

  • Personal name: Harnadek, Anita

670 ## - SOURCE DATA FOUND

  • Source citation: Work cat.: (NUST)185736: Harnadek, Anita, Critical Rading Improvement /
© 2023 Central Library, National University of Sciences and Technology. All Rights Reserved.